Counterinsurgency (Registro nro. 70719)

Detalles MARC
000 -ENCABEZADO
Número de control [NR] 01604nam a2200253Ia 4500
008 - DE LONGITUD FIJA DE DATOS DE ELEMENTOS - INFORMACIÓN GENERAL
Elementos de longitud fija [NR] 130821s2010 enka gr eng
020 ## - NUMERO INTERNACIONAL NORMALIZADO PARA LIBROS [R]
Número Internacional Normalizado del libro [NR] 9780199737482
020 ## - NUMERO INTERNACIONAL NORMALIZADO PARA LIBROS [R]
Número Internacional Normalizado del libro [NR] 9780199737499
040 ## - FUENTE DE CATALOGACION [NR]
Agencia de catalogación original [NR] Co-BoUCM
Idioma de catalogación [NR] spa
041 00 - CODIGO DE IDIOMA [R]
Código de idioma para texto/pista de sonido o título separado [R] Inglés
100 1# - ASIENTO PRINCIPAL--NOMBRE PERSONAL [NR]
Nombre personal [NR] Kilcullen, David
ID Autoridad 85009
245 10 - MENCION DE TITULO [NR]
Título [NR] Counterinsurgency
Mención de responsabilidad, etc. [NR] David J. Kilcullen
260 ## - PUBLICACION, DISTRIBUCION, ETC. (PIE DE IMPRENTA) [R]
Lugar de publicación, distribución, etc. [R] Oxford (Oxfordshire, Inglaterra)
Nombre del editor, distribuidor, etc. [R] Oxford University Press
Fecha de publicación, distribución, etc. [R] 2010
300 ## - DESCRIPCION FISICA [R]
Extensión [R] x, 251 páginas
Otros detalles físicos [NR] ilustraciones
504 ## - NOTA DE BIBLIOGRAFIA, ETC. [R]
Nota de bibliografía, etc. [NR]
505 ## - NOTA DE CONTENIDO CON FORMATO PREESTABLECIDO [R]
State manifest and birth record (1764-1977). Foreword
Mención de responsabilidad [R] Stanley A. McChrystal --
State manifest and birth record (1764-1977). Introduction: Understanding insurgency and counterinsurgency --
-- pt. 1. A ground-level perspective --
-- Introduction to the expanded and annotated "Twenty-eight articles" --
-- Twenty-eight articles : fundamentals of company-level counterinsurgency --
-- Introduction to "Globalization and the development of Indonesian counterinsurgency tactics" --
-- Globalisation and the development of Indonesian counterinsurgency tactics --
-- Introduction to "Firefight at Motaain" --
-- Reflections on the engagement at Motaain Bridge, 10 October 1999 --
-- Deiokes and the Taliban : local governance, bottom-up state formation, and the rule of law in counterinsurgency --
-- pt. 2. A global perspective --
-- Countering global insurgency.
650 04 - ASIENTO SECUNDARIO DE MATERIA - TERMINO TEMATICO [R]
Término temático o nombre geográfico como elemento de entrada [NR] Ciencia militar
9 (RLIN) 10776
650 04 - ASIENTO SECUNDARIO DE MATERIA - TERMINO TEMATICO [R]
Término temático o nombre geográfico como elemento de entrada [NR] Contrainsurgencia
9 (RLIN) 7450
650 04 - ASIENTO SECUNDARIO DE MATERIA - TERMINO TEMATICO [R]
Término temático o nombre geográfico como elemento de entrada [NR] Política militar
9 (RLIN) 21999
650 04 - ASIENTO SECUNDARIO DE MATERIA - TERMINO TEMATICO [R]
Término temático o nombre geográfico como elemento de entrada [NR] Terrorismo
Subdivisión general [R] Prevención y control
9 (RLIN) 25425
651 #4 - ASIENTO SECUNDARIO DE MATERIA - NOMBRE GEOGRAFICO [R]
Nombre geográfico [NR] Estados Unidos
Subdivisión general [R] Política militar
9 (RLIN) 43953
942 ## - ELEMENTOS DE ENTRADA AGREGADOS (KOHA)
Tipo de ítem principal el descrito en 300a Libro
Tema principal Ciencia política
Edición 1
Parte restante de la signatura top. K482c
Sistema de clasificación DEWEY
Clasificación 355.0218
Existencias
Fecha de último préstamo Total préstamos Total Renewals Signatura topográfica Código de barras Última vez visto Ejemplar Price effective from Tipo de ítem Perdido Sistema de clasificación Dañado No prestable Tipo de ítem específico Suprimido Ubicación habitual Ubicación actual Localización Fecha de creación Forma de adquisición Costo
02/08/2019 9 2 355.0218 K482c 100111887 09/12/2025 Ej.1 03/02/2013 Libro   DEWEY     Libro   Claustro Claustro 2do piso 28/02/2013 Compra 18200.00